| 000 | 004160000a22001090004500 | ||
|---|---|---|---|
| 090 |
_aAR _b04133 |
||
| 245 | 1 | 0 |
_aSome ecological factors affecting the life-style of Canthon cyanellus cyanellus (Coleoptera Scarabaeidae) _san experimental approach |
| 500 | _a<Literatura de escarabajos coprófagos> | ||
| 100 | 1 |
_aFavila, Mario E. _993038 |
|
| 942 | _cARTICULO | ||
| 773 | 1 |
_tEthology Ecology & Evolution _h3 _q319-328 _d1993 _g5 |
|
| 999 |
_c13231 _d13231 |
||